Statistics for Famous Classical Music - Beethoven and Schubert

Click here to take the quiz!

General Stats

  • This quiz has been taken 58 times
    (53 since last reset)
  • The average score is 8 of 13

Answer Stats

HintAnswer% Correct
Another piano sonata, well-known for its tranquil first movement and agitated third movementPiano Sonata No. 14 "{Moonlight}"
89%
Allegedly written for his unrequited loverBagatelle No. 25 "{Für Elise}"
87%
Humorously named "Rage Over a Lost Penny, Vented in a Caprice"R{ondo} a capriccio
80%
He only completed two movements of this symphonySymphony No. 8 "{Unfinished}"
76%
A march from The Ruins of Athens
(Don't confuse this piece with Mozart's "Rondo Alla Turca")
{Turkish} March
76%
A piano sonata, most famous for its slow second movement and the "Beethoven Virus" theme in the third movementPiano Sonata No. 8 "{Pathétique}"
72%
The symphony featured in Fantasia (1940)Symphony No. 6 "{Pastoral}"
70%
The first one in D major is the most famousM{arche} militaire
67%
Probably his most famous lied (song), about a child killed by a powerful demon kingE{rlkönig}
65%
His final complete symphony, this time with voices
Most well-known for its "Ode to Joy" theme
Symphony No. 9 "{Choral}"
61%
Arguably his most important and recognizable symphonySymphony No. 5 "{Fate}"
50%
Another famous lied, "Ständchen" in GermanS{erenade}
39%
Also known as "Ellen's Third Song," famously adapted in Fantasia (1940)Ave Maria
15%

Score Distribution

Percentile by Number Answered

Percent of People with Each Score

Your Score History

You have not taken this quiz since the last reset